000 00298nam a22001217a 4500
999 _c13448
_d13448
020 _a9690101463
082 _a945.03
100 _aSayid Ghulam Mustafa Shah
245 _aThe British in the Subcontinent
260 _aLahore
_bFerozsons (Pvt) Ltd.
_c1993
300 _axviii, 249 pages
942 _cBK